Voices from the city : (Record no. 2970)
[ view plain ]
| 000 -LEADER | |
|---|---|
| fixed length control field | 01121cam a2200313 a 4500 |
| 001 - CONTROL NUMBER | |
| control field | 1685458 |
| 003 - CONTROL NUMBER IDENTIFIER | |
| control field | GBCCL |
| 005 - DATE AND TIME OF LATEST TRANSACTION | |
| control field | 20241126110444.0 |
| 008 - FIXED-LENGTH DATA ELEMENTS--GENERAL INFORMATION | |
| fixed length control field | 990414s1999 mou b 000 0 eng |
| 010 ## - | |
| -- | 99023474 |
| 020 ## - INTERNATIONAL STANDARD BOOK NUMBER | |
| International Standard Book Number | 0570053757 |
| 040 ## - CATALOGING SOURCE | |
| Original cataloging agency | DLC |
| Transcribing agency | DLC |
| Modifying agency | DLC |
| 043 ## - | |
| -- | n-us--- |
| 050 00 - | |
| -- | BX8074.P73 |
| -- | N86 1999 |
| 082 00 - DEWEY DECIMAL CLASSIFICATION NUMBER | |
| Classification number | 251.0088241 |
| Edition information | 21 |
| Item number | NUN |
| 100 1# - MAIN ENTRY--PERSONAL NAME | |
| Personal name | Nunes, John. |
| 9 (RLIN) | 6187 |
| 245 10 - TITLE STATEMENT | |
| Title | Voices from the city : |
| Remainder of title | issues and images of urban preaching / |
| Statement of responsibility, etc. | John Nunes. |
| 260 ## - PUBLICATION, DISTRIBUTION, ETC. | |
| Place of publication, distribution, etc. | St. Louis : |
| Name of publisher, distributor, etc. | Concordia Pub. House, |
| Date of publication, distribution, etc. | c1999. |
| 300 ## - PHYSICAL DESCRIPTION | |
| Extent | 9 p. ; |
| Dimensions | 24 cm. |
| 504 ## - BIBLIOGRAPHY, ETC. NOTE | |
| Bibliography, etc. note | Includes bibliographical references (p. 129-141 ). |
| 610 20 - SUBJECT ADDED ENTRY--CORPORATE NAME | |
| Corporate name or jurisdiction name as entry element | Lutheran Church--Missouri Synod |
| General subdivision | Clergy. |
| 9 (RLIN) | 6188 |
| 610 20 - SUBJECT ADDED ENTRY--CORPORATE NAME | |
| Corporate name or jurisdiction name as entry element | Evangelical Lutheran Church in America |
| General subdivision | Clergy. |
| 9 (RLIN) | 6189 |
| 650 #0 - SUBJECT ADDED ENTRY--TOPICAL TERM | |
| Topical term or geographic name entry element | Lutheran preaching. |
| 9 (RLIN) | 6190 |
| 650 #0 - SUBJECT ADDED ENTRY--TOPICAL TERM | |
| Topical term or geographic name entry element | City churches |
| Geographic subdivision | United States. |
| 9 (RLIN) | 4409 |
| 906 ## - LOCAL DATA ELEMENT F, LDF (RLIN) | |
| a | 7 |
| b | cbc |
| c | orignew |
| d | 1 |
| e | ocip |
| f | 19 |
| g | y-gencatlg |
| 942 ## - ADDED ENTRY ELEMENTS (KOHA) | |
| Source of classification or shelving scheme | Dewey Decimal Classification |
| Koha item type | Books |
| Withdrawn status | Lost status | Source of classification or shelving scheme | Damaged status | Not for loan | Home library | Current Library | Shelving location | Date acquired | Total checkouts | Full call number | Barcode | Date last seen | Copy number | Price effective from | Koha item type |
|---|---|---|---|---|---|---|---|---|---|---|---|---|---|---|---|
| Dewey Decimal Classification | GRACE BIBLE COLLEGE | GRACE BIBLE COLLEGE | Ministry & Mission | 2017-10-10 | 251.0088241 NUN | 013247 | 2025-05-01 | c.7 | 2017-10-10 | Books | |||||
| Dewey Decimal Classification | GRACE BIBLE COLLEGE | GRACE BIBLE COLLEGE | Ministry & Mission | 2017-11-22 | 251.0088241 NUN | 013241 | 2025-05-01 | c.1 | 2017-11-22 | Books | |||||
| Dewey Decimal Classification | GRACE BIBLE COLLEGE | GRACE BIBLE COLLEGE | Ministry & Mission | 2017-11-22 | 251.0088241 NUN | 013242 | 2025-05-01 | c.2 | 2017-11-22 | Books | |||||
| Dewey Decimal Classification | GRACE BIBLE COLLEGE | GRACE BIBLE COLLEGE | Ministry & Mission | 2017-11-22 | 251.0088241 NUN | 013243 | 2025-05-01 | c.3 | 2017-11-22 | Books | |||||
| Dewey Decimal Classification | GRACE BIBLE COLLEGE | GRACE BIBLE COLLEGE | Ministry & Mission | 2017-11-22 | 251.0088241 NUN | 013244 | 2025-05-01 | c.4 | 2017-11-22 | Books | |||||
| Dewey Decimal Classification | GRACE BIBLE COLLEGE | GRACE BIBLE COLLEGE | Ministry & Mission | 2017-11-22 | 251.0088241 NUN | 013245 | 2025-05-01 | c.5 | 2017-11-22 | Books | |||||
| Dewey Decimal Classification | GRACE BIBLE COLLEGE | GRACE BIBLE COLLEGE | Ministry & Mission | 2017-11-22 | 251.0088241 NUN | 013246 | 2025-05-01 | c.6 | 2017-11-22 | Books |